[Event "EYCC Open-U18 2019"]
[Site "Bratislava"]
[Date "2019.08.06"]
[Round "5.34"]
[White "Vardanyan, Aras"]
[Black "Hurdzan, Tomas"]
[Result "0-1"]
[WhiteElo "2027"]
[BlackElo "2231"]
[Annotator "NA"]
[PlyCount "70"]
[EventDate "2019.08.02"]
[EventType "swiss"]
[EventCountry "SVK"]
[SourceTitle "playchess.com"]
[Source "ChessBase"]
[SourceQuality "1"]
[TimeControl "40/5400+30:1800+30"]

1. Nf3 {[%emt 0:00:00]} Nf6 {[%emt 0:00:00]} 2. c4 {[%emt 0:00:00]} g6 {[%emt 0:00:04]} 3. Nc3 {[%emt 0:00:01]} Bg7 {[%emt 0:00:05]} 4. e4 {[%emt 0:00:05]} d6 {[%emt 0:00:06]} 5. d4 {[%emt 0:00:11]} O-O {[%emt 0:00:18]} 6. Be2 {[%emt 0:00:21]} Nbd7 {[%emt 0:00:39]} 7. O-O {[%emt 0:00:44]} e5 {[%emt 0:00:13]} 8. Be3 {[%emt 0:02:50]} c6 {[%emt 0:00:48]} 9. d5 {[%emt 0:00:11]} c5 {[%emt 0:00:37]} 10. h3 {[%emt 0:00:08]} Kh8 {[%emt 0:08:06]} 11. Ne1 {[%emt 0:04:23]} Ng8 {[%emt 0:01:17]} 12. Qd2 {[%emt 0:01:01]} Qe7 {[%emt 0:06:14]} 13. Nd3 {[%emt 0:05:53]} Nb6 {[%emt 0:02:38]} 14. Nc1 {[%emt 0:05:42]} f5 {[%emt 0:01:40]} 15. exf5 {[%emt 0:00:43]} Bxf5 {[%emt 0:00:49]} 16. g4 {[%emt 0:03:53]} Bd7 {[%emt 0:17:57]} 17. Ne4 {[%emt 0:01:40]} Nf6 {[%emt 0:00:53]} 18. Qc2 {[%emt 0:01:00]} Nxe4 {[%emt 0:00:13]} 19. Qxe4 {[%emt 0:00:07]} Qh4 {[%emt 0:04:27]} 20. Kh2 {[%emt 0:09:51]} Bh6 {[%emt 0:02:44]} 21. Bxh6 {[%emt 0:09:45]} Qxh6 {[%emt 0:00:10]} 22. Nd3 {[%emt 0:00:26]} Rae8 {[%emt 0:08:36]} 23. b3 {[%emt 0:04:39]} Bc8 {[%emt 0:06:04]} 24. Qe3 {[%emt 0:04:42]} Qg7 {[%emt 0:00:41]} 25. f3 {[%emt 0:03:53]} Nd7 {[%emt 0:00:53]} 26. Nf2 {[%emt 0:01:22]} Rf4 {[%emt 0:02:32]} 27. Ne4 {[%emt 0:03:34]} Qe7 {[%emt 0:00:06]} 28. Kg3 {[%emt 0:00:57]} Nf6 {[%emt 0:01:09]} 29. Bd3 {[%emt 0:04:26]} Rf8 {[%emt 0:01:41]} 30. Rf2 {[%emt 0:04:54]} Nxe4+ {[%emt 0:01:12]} 31. Bxe4 {[%emt 0:00:07]} Qg5 {[%emt 0:02:29]} 32. Re1 {[%emt 0:01:47]} Kg7 {[%emt 0:00:40]} 33. Rh2 {[%emt 0:02:32]} h5 {[%emt 0:01:39]} 34. Kg2 {[%emt 0:01:28]} hxg4 {[%emt 0:04:17]} 35. hxg4 {[%emt 0:00:06]} Bxg4 0-1

[Event "EYCC Open-U18 2019"]
[Site "Bratislava"]
[Date "2019.08.06"]
[Round "5.35"]
[White "Baranciuc, Alexandr"]
[Black "Ludvik, Tomas"]
[Result "0-1"]
[WhiteElo "1901"]
[BlackElo "2334"]
[Annotator "NA"]
[PlyCount "62"]
[EventDate "2019.08.02"]
[EventType "swiss"]
[EventCountry "SVK"]
[SourceTitle "playchess.com"]
[Source "ChessBase"]
[SourceQuality "1"]
[TimeControl "40/5400+30:1800+30"]

1. e4 {[%emt 0:00:00]} c5 {[%emt 0:00:00]} 2. Nf3 {[%emt 0:00:00]} e6 {[%emt 0:00:06]} 3. b3 {[%emt 0:00:03]} d6 {[%emt 0:04:22]} 4. Bb5+ {[%emt 0:06:27]} Nd7 {[%emt 0:02:42]} 5. d4 {[%emt 0:00:48]} Qa5+ {[%emt 0:04:16]} 6. Nc3 {[%emt 0:01:01]} Qxc3+ {[%emt 0:10:30]} 7. Bd2 {[%emt 0:00:06]} Qb2 {[%emt 0:00:06]} 8. a4 {[%emt 0:00:05]} cxd4 {[%emt 0:05:40]} 9. b4 {[%emt 0:00:40]} d3 {[%emt 0:04:06]} 10. Bxd3 {[%emt 0:04:20]} Qf6 {[%emt 0:07:43]} 11. Bg5 {[%emt 0:00:09]} Qc3+ {[%emt 0:00:28]} 12. Bd2 {[%emt 0:00:17]} Qc7 {[%emt 0:00:09]} 13. O-O {[%emt 0:02:17]} Ngf6 {[%emt 0:00:19]} 14. Nd4 {[%emt 0:00:54]} Be7 {[%emt 0:01:50]} 15. f4 {[%emt 0:00:32]} b6 {[%emt 0:03:09]} 16. Ra3 {[%emt 0:07:05]} Bb7 {[%emt 0:01:36]} 17. Qe2 {[%emt 0:01:32]} Rc8 {[%emt 0:06:52]} 18. g4 {[%emt 0:03:19]} d5 {[%emt 0:01:27]} 19. Nb5 {[%emt 0:05:49]} Qb8 {[%emt 0:01:32]} 20. f5 {[%emt 0:01:50]} dxe4 {[%emt 0:06:46]} 21. fxe6 {[%emt 0:00:50]} Ne5 {[%emt 0:01:09]} 22. exf7+ {[%emt 0:04:24]} Kf8 {[%emt 0:02:21]} 23. Bf4 {[%emt 0:13:56]} Nf3+ {[%emt 0:01:42]} 24. Rxf3 {[%emt 0:00:27]} exf3 {[%emt 0:00:09]} 25. Qd2 {[%emt 0:01:10]} Qa8 {[%emt 0:02:26]} 26. Bf5 {[%emt 0:09:19]} Kxf7 {[%emt 0:02:45]} 27. Qe3 {[%emt 0:04:09]} Be4 {[%emt 0:01:53]} 28. Bxc8 {[%emt 0:03:50]} Qxc8 {[%emt 0:00:15]} 29. Bg3 {[%emt 0:01:45]} Qxc2 {[%emt 0:01:11]} 30. Bf2 {[%emt 0:00:06]} Nd5 {[%emt 0:01:59]} 31. Qe1 {[%emt 0:01:30]} Nf4 {[%emt 0:02:05]} 0-1

[Event "EYCC Open-U18 2019"]
[Site "Bratislava"]
[Date "2019.08.06"]
[Round "5.36"]
[White "Stijve, Theo"]
[Black "Triantos, Konstantinos"]
[Result "0-1"]
[WhiteElo "2336"]
[BlackElo "2129"]
[Annotator "NA"]
[PlyCount "86"]
[EventDate "2019.08.02"]
[EventType "swiss"]
[EventCountry "SVK"]
[SourceTitle "playchess.com"]
[Source "ChessBase"]
[SourceQuality "1"]
[TimeControl "40/5400+30:1800+30"]

1. Nf3 {[%emt 0:00:00]} Nf6 {[%emt 0:00:07]} 2. g3 {[%emt 0:00:31]} e6 {[%emt 0:00:17]} 3. Bg2 {[%emt 0:00:07]} d5 {[%emt 0:00:03]} 4. O-O {[%emt 0:00:12]} Be7 {[%emt 0:00:11]} 5. d4 {[%emt 0:00:06]} O-O {[%emt 0:00:22]} 6. c4 {[%emt 0:00:07]} c6 {[%emt 0:00:07]} 7. Nc3 {[%emt 0:00:07]} b6 {[%emt 0:00:16]} 8. Nd2 {[%emt 0:00:09]} Ba6 {[%emt 0:00:27]} 9. b3 {[%emt 0:02:46]} b5 {[%emt 0:00:45]} 10. Bb2 {[%emt 0:06:24]} Nbd7 {[%emt 0:02:20]} 11. Qc2 {[%emt 0:04:09]} Rc8 {[%emt 0:13:04]} 12. Rfe1 bxc4 {[%emt 0:04:33]} 13. bxc4 {[%emt 0:15:52]} dxc4 {[%emt 0:00:13]} 14. e4 {[%emt 0:06:34]} Nb6 {[%emt 0:15:00]} 15. Rad1 {[%emt 0:09:08]} Qc7 {[%emt 0:04:24]} 16. a4 {[%emt 0:07:49]} Rfd8 {[%emt 0:04:28]} 17. a5 {[%emt 0:09:09]} Nbd7 {[%emt 0:00:05]} 18. Qa4 {[%emt 0:01:16]} Rb8 {[%emt 0:04:57]} 19. Qa2 {[%emt 0:03:52]} c5 {[%emt 0:04:29]} 20. e5 {[%emt 0:18:05]} cxd4 {[%emt 0:00:07]} 21. exf6 {[%emt 0:01:04]} Nxf6 {[%emt 0:04:08]} 22. Nde4 {[%emt 0:05:00]} dxc3 {[%emt 0:00:30]} 23. Bxc3 {[%emt 0:00:14]} Nd5 {[%emt 0:02:37]} 24. Ba1 {[%emt 0:05:34]} c3 {[%emt 0:02:45]} 25. Qc2 {[%emt 0:02:07]} Bc4 {[%emt 0:02:00]} 26. Rc1 {[%emt 0:01:18]} Bb3 {[%emt 0:02:23]} 27. Qe2 {[%emt 0:00:26]} Ba3 {[%emt 0:02:34]} 28. Rxc3 {[%emt 0:01:21]} Nxc3 {[%emt 0:00:04]} 29. Bxc3 {[%emt 0:00:23]} e5 {[%emt 0:04:21]} 30. Qg4 {[%emt 0:00:33]} Be7 {[%emt 0:01:56]} 31. f4 {[%emt 0:00:31]} Bc5+ {[%emt 0:01:40]} 32. Kh1 {[%emt 0:00:10]} Bd4 {[%emt 0:00:03]} 33. Nf6+ {[%emt 0:00:49]} Kh8 {[%emt 0:00:11]} 34. Nh5 {[%emt 0:00:34]} f5 {[%emt 0:02:13]} 35. Qxf5 {[%emt 0:00:01]} Qxc3 {[%emt 0:00:58]} 36. Rf1 {[%emt 0:00:45]} Qc2 {[%emt 0:03:25]} 37. Qg5 {[%emt 0:00:42]} Qg6 {[%emt 0:00:49]} 38. Qh4 {[%emt 0:00:02]} Bd5 {[%emt 0:01:43]} 39. Bxd5 {[%emt 0:00:29]} Rxd5 {[%emt 0:00:04]} 40. fxe5 {[%emt 0:00:00]} Rxe5 {[%emt 0:00:00]} 41. Qxd4 {[%emt 0:02:48]} Rxh5 {[%emt 0:03:17]} 42. Qxa7 {[%emt 0:03:16]} Qxg3 {[%emt 0:01:42]} 43. Rg1 {[%emt 0:01:03]} Qxh2# 0-1

[Event "EYCC Open-U18 2019"]
[Site "Bratislava"]
[Date "2019.08.06"]
[Round "5.37"]
[White "Storme, Isak"]
[Black "Toquero Gracia, Pau"]
[Result "1-0"]
[WhiteElo "2330"]
[BlackElo "2080"]
[Annotator "NA"]
[PlyCount "99"]
[EventDate "2019.08.02"]
[EventType "swiss"]
[EventCountry "SVK"]
[SourceTitle "playchess.com"]
[Source "ChessBase"]
[SourceQuality "1"]
[TimeControl "40/5400+30:1800+30"]

1. e4 {[%emt 0:00:00]} c5 {[%emt 0:00:00]} 2. Nf3 {[%emt 0:00:00]} e6 {[%emt 0:00:00]} 3. b3 {[%emt 0:00:25]} d6 {[%emt 0:03:06]} 4. Bb2 {[%emt 0:03:31]} Nf6 {[%emt 0:00:04]} 5. e5 {[%emt 0:00:52]} dxe5 {[%emt 0:00:24]} 6. Nxe5 {[%emt 0:00:10]} Nbd7 {[%emt 0:00:35]} 7. f4 {[%emt 0:01:21]} g6 {[%emt 0:10:30]} 8. Qf3 {[%emt 0:06:38]} Bg7 {[%emt 0:03:08]} 9. Nxd7 {[%emt 0:00:28]} Qxd7 {[%emt 0:00:37]} 10. Nc3 {[%emt 0:00:46]} O-O {[%emt 0:02:01]} 11. O-O-O {[%emt 0:00:17]} a6 {[%emt 0:09:10]} 12. Na4 {[%emt 0:05:50]} Qd5 {[%emt 0:18:36]} 13. Qxd5 {[%emt 0:05:20]} Nxd5 {[%emt 0:04:37]} 14. Bxg7 {[%emt 0:02:54]} Kxg7 {[%emt 0:00:26]} 15. g3 {[%emt 0:00:55]} Bd7 {[%emt 0:10:57]} 16. Nxc5 {[%emt 0:01:11]} Bc6 {[%emt 0:01:23]} 17. Rg1 {[%emt 0:02:24]} Rac8 {[%emt 0:05:08]} 18. Nd3 {[%emt 0:01:12]} Rfd8 {[%emt 0:08:13]} 19. Kb2 {[%emt 0:00:50]} Ne7 {[%emt 0:04:19]} 20. Ne5 {[%emt 0:02:42]} Be4 {[%emt 0:03:44]} 21. Bd3 {[%emt 0:04:56]} Bxd3 {[%emt 0:00:07]} 22. Nxd3 {[%emt 0:00:13]} Nf5 {[%emt 0:01:51]} 23. Ne5 {[%emt 0:01:52]} h5 {[%emt 0:05:21]} 24. Rge1 {[%emt 0:04:15]} Rc7 {[%emt 0:03:02]} 25. Re4 {[%emt 0:02:15]} Rcc8 {[%emt 0:03:01]} 26. Rc4 {[%emt 0:02:51]} Rxc4 {[%emt 0:00:38]} 27. Nxc4 {[%emt 0:00:27]} Nd4 {[%emt 0:01:28]} 28. d3 {[%emt 0:04:41]} Nf3 {[%emt 0:00:36]} 29. h3 {[%emt 0:00:20]} Nd4 {[%emt 0:00:35]} 30. Rd2 {[%emt 0:03:51]} b5 {[%emt 0:00:40]} 31. Ne3 {[%emt 0:01:22]} Nc6 {[%emt 0:00:20]} 32. c3 {[%emt 0:01:11]} e5 {[%emt 0:00:11]} 33. fxe5 {[%emt 0:00:42]} Nxe5 {[%emt 0:00:06]} 34. d4 {[%emt 0:01:00]} Nf3 {[%emt 0:00:04]} 35. Rd3 {[%emt 0:02:28]} Re8 {[%emt 0:01:12]} 36. Nf5+ {[%emt 0:00:54]} gxf5 {[%emt 0:00:52]} 37. Rxf3 {[%emt 0:00:06]} Re2+ {[%emt 0:00:15]} 38. Ka3 {[%emt 0:00:18]} Kg6 {[%emt 0:00:42]} 39. d5 {[%emt 0:01:13]} Kg5 {[%emt 0:00:52]} 40. c4 {[%emt 0:00:00]} Rc2 {[%emt 0:00:00]} 41. d6 Rd2 {[%emt 0:03:39]} 42. c5 {[%emt 0:03:14]} Kf6 {[%emt 0:00:55]} 43. Rc3 {[%emt 0:01:21]} Rd4 {[%emt 0:03:21]} 44. b4 {[%emt 0:02:00]} a5 {[%emt 0:00:04]} 45. c6 {[%emt 0:01:51]} axb4+ {[%emt 0:00:24]} 46. Kb3 {[%emt 0:00:06]} bxc3 {[%emt 0:00:28]} 47. c7 {[%emt 0:00:08]} Rc4 {[%emt 0:00:26]} 48. d7 {[%emt 0:00:07]} c2 {[%emt 0:00:23]} 49. d8=Q+ {[%emt 0:00:35]} Kg6 {[%emt 0:00:06]} 50. c8=Q {[%emt 0:01:56]} 1-0

[Event "EYCC Open-U18 2019"]
[Site "Bratislava"]
[Date "2019.08.06"]
[Round "5.38"]
[White "Tisaj, Domen"]
[Black "Joensson, Jacob"]
[Result "1-0"]
[WhiteElo "2232"]
[BlackElo "1981"]
[Annotator "NA"]
[PlyCount "69"]
[EventDate "2019.08.02"]
[EventType "swiss"]
[EventCountry "SVK"]
[SourceTitle "playchess.com"]
[Source "ChessBase"]
[SourceQuality "1"]
[TimeControl "40/5400+30:1800+30"]

1. d4 {[%emt 0:00:34]} Nf6 {[%emt 0:00:00]} 2. Nf3 {[%emt 0:00:33]} d5 {[%emt 0:00:00]} 3. e3 {[%emt 0:00:31]} Bg4 {[%emt 0:09:30]} 4. c4 {[%emt 0:02:24]} e6 {[%emt 0:00:54]} 5. Nc3 {[%emt 0:00:22]} c6 {[%emt 0:02:54]} 6. h3 {[%emt 0:00:14]} Bh5 {[%emt 0:00:33]} 7. g4 {[%emt 0:01:07]} Bg6 {[%emt 0:00:15]} 8. Ne5 {[%emt 0:00:11]} dxc4 {[%emt 0:37:06]} 9. Bxc4 {[%emt 0:05:13]} Nbd7 {[%emt 0:03:20]} 10. Nxg6 {[%emt 0:00:25]} hxg6 {[%emt 0:00:10]} 11. Qf3 {[%emt 0:01:38]} Nb6 {[%emt 0:04:21]} 12. Bb3 {[%emt 0:05:59]} Qd7 {[%emt 0:05:02]} 13. g5 {[%emt 0:01:30]} Nfd5 {[%emt 0:05:27]} 14. e4 {[%emt 0:02:30]} Nxc3 {[%emt 0:02:01]} 15. bxc3 {[%emt 0:04:02]} Rh4 {[%emt 0:06:06]} 16. a4 {[%emt 0:02:27]} a5 {[%emt 0:01:38]} 17. Be3 {[%emt 0:00:59]} Qc7 {[%emt 0:02:29]} 18. Qg3 {[%emt 0:06:51]} Qxg3 {[%emt 0:08:00]} 19. fxg3 {[%emt 0:00:08]} Rh8 {[%emt 0:01:18]} 20. h4 {[%emt 0:05:50]} Bd6 {[%emt 0:01:20]} 21. Kf2 {[%emt 0:00:42]} Ke7 {[%emt 0:01:07]} 22. Rab1 {[%emt 0:01:47]} Nd7 {[%emt 0:00:53]} 23. e5 {[%emt 0:01:17]} Bc7 {[%emt 0:00:45]} 24. Bc2 {[%emt 0:00:17]} Rab8 {[%emt 0:00:45]} 25. Kg2 {[%emt 0:02:10]} b5 {[%emt 0:01:34]} 26. Be4 {[%emt 0:00:21]} bxa4 {[%emt 0:01:21]} 27. Bxc6 {[%emt 0:00:28]} a3 {[%emt 0:00:26]} 28. Bb5 {[%emt 0:02:50]} a2 {[%emt 0:01:35]} 29. Rb3 {[%emt 0:00:16]} Nb6 {[%emt 0:00:23]} 30. c4 {[%emt 0:00:21]} a4 {[%emt 0:01:40]} 31. Ra3 {[%emt 0:00:27]} Nd5 {[%emt 0:01:33]} 32. cxd5 {[%emt 0:00:32]} exd5 {[%emt 0:00:22]} 33. Bxa4 {[%emt 0:01:16]} Rb2+ {[%emt 0:00:16]} 34. Kf3 {[%emt 0:00:58]} Rb1 {[%emt 0:00:11]} 35. Rc1 {[%emt 0:00:06]} 1-0

[Event "EYCC Open-U18 2019"]
[Site "Bratislava"]
[Date "2019.08.06"]
[Round "5.39"]
[White "Polczyk, Mikolaj"]
[Black "Castillo Dalmau, Albert"]
[Result "1/2-1/2"]
[WhiteElo "2111"]
[BlackElo "2252"]
[Annotator "NA"]
[PlyCount "71"]
[EventDate "2019.08.02"]
[EventType "swiss"]
[EventCountry "SVK"]
[SourceTitle "playchess.com"]
[Source "ChessBase"]
[SourceQuality "1"]
[TimeControl "40/5400+30:1800+30"]

1. d4 {[%emt 0:00:00]} Nf6 {[%emt 0:00:00]} 2. c4 {[%emt 0:00:00]} e6 {[%emt 0:00:00]} 3. Nf3 {[%emt 0:00:00]} Bb4+ {[%emt 0:00:02]} 4. Bd2 {[%emt 0:00:24]} Qe7 {[%emt 0:00:08]} 5. g3 {[%emt 0:00:22]} Bxd2+ {[%emt 0:00:17]} 6. Qxd2 {[%emt 0:00:36]} Nc6 {[%emt 0:00:13]} 7. Bg2 {[%emt 0:04:21]} Ne4 {[%emt 0:00:33]} 8. Qc2 {[%emt 0:00:08]} Qb4+ {[%emt 0:00:05]} 9. Kf1 {[%emt 0:00:33]} d5 {[%emt 0:00:06]} 10. e3 {[%emt 0:01:09]} O-O {[%emt 0:00:34]} 11. Nbd2 {[%emt 0:09:30]} f5 {[%emt 0:01:12]} 12. a3 {[%emt 0:03:58]} Qe7 {[%emt 0:00:23]} 13. b4 {[%emt 0:00:56]} Bd7 {[%emt 0:06:42]} 14. h4 {[%emt 0:20:06]} Be8 {[%emt 0:11:13]} 15. Kg1 {[%emt 0:12:40]} a6 {[%emt 0:11:09]} 16. Bf1 {[%emt 0:09:34]} h6 {[%emt 0:14:56]} 17. Rc1 {[%emt 0:04:00]} Rc8 {[%emt 0:02:10]} 18. Kg2 {[%emt 0:02:15]} g5 {[%emt 0:02:10]} 19. hxg5 {[%emt 0:00:55]} hxg5 {[%emt 0:00:02]} 20. Bd3 {[%emt 0:03:09]} Kg7 {[%emt 0:00:11]} 21. Rh2 {[%emt 0:05:28]} g4 {[%emt 0:03:29]} 22. Ng1 {[%emt 0:00:27]} Nd8 {[%emt 0:05:35]} 23. cxd5 {[%emt 0:04:10]} exd5 {[%emt 0:00:07]} 24. Ne2 {[%emt 0:00:11]} Ne6 {[%emt 0:00:48]} 25. Rch1 {[%emt 0:00:35]} Bg6 {[%emt 0:00:18]} 26. Nf4 {[%emt 0:03:13]} Nxf4+ {[%emt 0:03:30]} 27. gxf4 {[%emt 0:00:07]} Nd6 {[%emt 0:02:59]} 28. Nf1 {[%emt 0:01:35]} c6 {[%emt 0:03:17]} 29. Ng3 {[%emt 0:00:24]} Qe6 {[%emt 0:05:28]} 30. Qc5 {[%emt 0:03:25]} Rh8 {[%emt 0:04:19]} 31. Qc1 {[%emt 0:02:06]} Rxh2+ {[%emt 0:03:48]} 32. Rxh2 {[%emt 0:00:04]} Rh8 {[%emt 0:00:07]} 33. Rxh8 {[%emt 0:00:40]} Kxh8 {[%emt 0:00:01]} 34. Qh1+ {[%emt 0:00:01]} Kg7 {[%emt 0:00:02]} 35. Qh4 {[%emt 0:00:18]} Qf6 {[%emt 0:00:08]} 36. Qxf6+ {[%emt 0:04:57]} 1/2-1/2

[Event "EYCC Open-U18 2019"]
[Site "Bratislava"]
[Date "2019.08.06"]
[Round "5.40"]
[White "Johannsson, Birkir Isak"]
[Black "Akdogan, Alperen"]
[Result "0-1"]
[WhiteElo "1988"]
[BlackElo "2193"]
[Annotator "NA"]
[PlyCount "68"]
[EventDate "2019.08.02"]
[EventType "swiss"]
[EventCountry "SVK"]
[SourceTitle "playchess.com"]
[Source "ChessBase"]
[SourceQuality "1"]
[TimeControl "40/5400+30:1800+30"]

1. Nf3 {[%emt 0:00:00]} Nf6 {[%emt 0:00:00]} 2. c4 {[%emt 0:00:00]} c6 {[%emt 0:00:11]} 3. Nc3 {[%emt 0:00:45]} d5 {[%emt 0:00:09]} 4. d4 {[%emt 0:00:13]} Bf5 {[%emt 0:01:26]} 5. cxd5 {[%emt 0:03:22]} Nxd5 {[%emt 0:05:59]} 6. g3 {[%emt 0:04:25]} e6 {[%emt 0:02:19]} 7. Bg2 {[%emt 0:00:48]} Be7 {[%emt 0:01:31]} 8. O-O {[%emt 0:00:25]} Nd7 {[%emt 0:06:33]} 9. Re1 {[%emt 0:02:47]} Nxc3 {[%emt 0:00:13]} 10. bxc3 {[%emt 0:00:02]} Be4 {[%emt 0:00:11]} 11. Bf4 {[%emt 0:02:43]} O-O {[%emt 0:08:22]} 12. Ne5 {[%emt 0:07:15]} Bxg2 {[%emt 0:02:12]} 13. Kxg2 {[%emt 0:00:27]} c5 {[%emt 0:11:21]} 14. Qb3 {[%emt 0:07:02]} Nxe5 {[%emt 0:04:39]} 15. Bxe5 {[%emt 0:00:17]} Qd7 {[%emt 0:00:13]} 16. e4 {[%emt 0:01:44]} Rac8 {[%emt 0:01:30]} 17. Rad1 {[%emt 0:03:31]} c4 {[%emt 0:05:28]} 18. Qc2 {[%emt 0:00:21]} b5 {[%emt 0:02:02]} 19. d5 {[%emt 0:02:09]} f6 {[%emt 0:01:19]} 20. Bf4 {[%emt 0:10:41]} e5 {[%emt 0:00:07]} 21. Be3 {[%emt 0:01:04]} Bd6 {[%emt 0:00:34]} 22. a4 {[%emt 0:04:29]} b4 {[%emt 0:05:50]} 23. cxb4 {[%emt 0:00:24]} Bxb4 {[%emt 0:00:02]} 24. Re2 {[%emt 0:00:37]} a5 {[%emt 0:01:06]} 25. f4 {[%emt 0:05:52]} Qd6 {[%emt 0:02:38]} 26. fxe5 {[%emt 0:03:43]} fxe5 {[%emt 0:00:07]} 27. Rf1 {[%emt 0:00:27]} Rxf1 {[%emt 0:01:00]} 28. Kxf1 {[%emt 0:00:02]} c3 {[%emt 0:02:44]} 29. Qd3 {[%emt 0:02:17]} Qc7 {[%emt 0:07:01]} 30. Rc2 {[%emt 0:00:47]} Qd7 {[%emt 0:00:36]} 31. Qb5 {[%emt 0:02:32]} Qg4 {[%emt 0:00:37]} 32. Qd3 {[%emt 0:00:57]} Qf3+ {[%emt 0:01:28]} 33. Kg1 {[%emt 0:00:50]} Bc5 {[%emt 0:00:39]} 34. Re2 {[%emt 0:02:02]} c2 {[%emt 0:00:26]} 0-1

[Event "EYCC Open-U18 2019"]
[Site "Bratislava"]
[Date "2019.08.06"]
[Round "5.41"]
[White "Panko, Eduard"]
[Black "Mirri, Pietro"]
[Result "0-1"]
[WhiteElo "2024"]
[BlackElo "2194"]
[Annotator "NA"]
[PlyCount "120"]
[EventDate "2019.08.02"]
[EventType "swiss"]
[EventCountry "SVK"]
[SourceTitle "playchess.com"]
[Source "ChessBase"]
[SourceQuality "1"]
[TimeControl "40/5400+30:1800+30"]

1. e4 {[%emt 0:00:00]} e6 {[%emt 0:00:00]} 2. b3 {[%emt 0:00:00]} d5 {[%emt 0:00:05]} 3. Bb2 {[%emt 0:00:00]} Nf6 {[%emt 0:04:41]} 4. e5 {[%emt 0:00:07]} Nfd7 {[%emt 0:00:05]} 5. f4 {[%emt 0:00:22]} c5 {[%emt 0:00:28]} 6. Qg4 {[%emt 0:00:23]} Nc6 {[%emt 0:02:24]} 7. Nf3 {[%emt 0:00:14]} Nb6 {[%emt 0:04:46]} 8. Na3 {[%emt 0:02:02]} a6 {[%emt 0:00:43]} 9. Bd3 {[%emt 0:02:12]} Bd7 {[%emt 0:05:58]} 10. Ng5 {[%emt 0:10:23]} g6 {[%emt 0:03:26]} 11. h4 {[%emt 0:05:28]} h5 {[%emt 0:05:21]} 12. Qg3 {[%emt 0:00:39]} Rg8 {[%emt 0:00:35]} 13. Be2 {[%emt 0:15:12]} Be7 {[%emt 0:10:22]} 14. c3 {[%emt 0:05:10]} Rc8 {[%emt 0:06:30]} 15. Nc2 {[%emt 0:02:06]} Bxg5 {[%emt 0:04:18]} 16. hxg5 {[%emt 0:01:45]} Ne7 {[%emt 0:00:52]} 17. Qf2 {[%emt 0:00:47]} Bb5 {[%emt 0:05:56]} 18. Bxb5+ {[%emt 0:04:35]} axb5 {[%emt 0:00:04]} 19. d4 {[%emt 0:01:14]} Nd7 {[%emt 0:04:06]} 20. Rh3 {[%emt 0:01:57]} Nf5 {[%emt 0:04:22]} 21. Ne3 {[%emt 0:10:57]} Nxe3 {[%emt 0:00:22]} 22. Qxe3 {[%emt 0:00:26]} Qb6 {[%emt 0:06:20]} 23. Qd2 {[%emt 0:11:53]} Nb8 {[%emt 0:06:23]} 24. Ba3 {[%emt 0:01:29]} Na6 {[%emt 0:00:49]} 25. Bxc5 {[%emt 0:03:49]} Nxc5 {[%emt 0:00:15]} 26. dxc5 {[%emt 0:00:03]} Qxc5 {[%emt 0:00:38]} 27. Qe3 {[%emt 0:00:31]} Ke7 {[%emt 0:02:28]} 28. Qxc5+ {[%emt 0:01:44]} Rxc5 {[%emt 0:00:04]} 29. Kd2 {[%emt 0:00:39]} Rgc8 {[%emt 0:00:27]} 30. Rc1 {[%emt 0:04:21]} b4 {[%emt 0:02:20]} 31. Rc2 {[%emt 0:01:50]} b5 {[%emt 0:03:20]} 32. Rf3 {[%emt 0:08:08]} Kd7 {[%emt 0:06:41]} 33. Rd3 {[%emt 0:00:12]} R8c6 {[%emt 0:00:51]} 34. g3 {[%emt 0:02:03]} Kc7 {[%emt 0:01:29]} 35. Rc1 {[%emt 0:01:03]} Kb6 {[%emt 0:01:23]} 36. a3 {[%emt 0:00:51]} bxa3 {[%emt 0:02:26]} 37. b4 {[%emt 0:00:14]} Rc4 {[%emt 0:00:10]} 38. Ra1 {[%emt 0:00:23]} d4 {[%emt 0:00:46]} 39. Rxa3 {[%emt 0:01:04]} dxc3+ {[%emt 0:00:15]} 40. Rdxc3 {[%emt 0:00:00]} Rd4+ {[%emt 0:00:00]} 41. Kc2 {[%emt 0:10:34]} Rxb4 {[%emt 0:06:55]} 42. Rxc6+ {[%emt 0:03:03]} Kxc6 {[%emt 0:00:04]} 43. Ra7 {[%emt 0:00:11]} h4 {[%emt 0:03:11]} 44. gxh4 {[%emt 0:08:13]} Rxf4 {[%emt 0:00:07]} 45. Kd3 {[%emt 0:00:50]} Kc5 {[%emt 0:01:15]} 46. Ke3 {[%emt 0:01:53]} Rf5 {[%emt 0:00:35]} 47. Ke4 {[%emt 0:00:43]} b4 {[%emt 0:02:57]} 48. Rc7+ {[%emt 0:00:20]} Kb5 {[%emt 0:00:06]} 49. Rb7+ {[%emt 0:00:31]} Kc4 {[%emt 0:00:35]} 50. Rc7+ {[%emt 0:00:30]} Kb3 {[%emt 0:00:06]} 51. h5 {[%emt 0:02:24]} gxh5 {[%emt 0:02:19]} 52. g6 {[%emt 0:00:08]} fxg6 {[%emt 0:00:08]} 53. Rc6 {[%emt 0:00:14]} Ka2 {[%emt 0:03:43]} 54. Rxe6 {[%emt 0:00:12]} b3 {[%emt 0:00:36]} 55. Rxg6 {[%emt 0:01:25]} Rf1 {[%emt 0:01:08]} 56. Ra6+ {[%emt 0:02:51]} Kb1 {[%emt 0:00:28]} 57. Kd3 {[%emt 0:02:58]} b2 {[%emt 0:08:09]} 58. Kd2 {[%emt 0:01:15]} Rf2+ {[%emt 0:06:02]} 59. Kd1 {[%emt 0:01:31]} Rf5 {[%emt 0:02:25]} 60. Re6 {[%emt 0:02:37]} h4 {[%emt 0:01:06]} 0-1